Rubber krishi aadayakaramakkan (Record no. 49770)

MARC details
000 -LEADER
fixed length control field 00303nam a2200133Ia 4500
100 ## - MAIN ENTRY--AUTHOR NAME
Personal name Jacob J
245 #0 - TITLE STATEMENT
Title Rubber krishi aadayakaramakkan
260 ## - PUBLICATION, DISTRIBUTION, ETC. (IMPRINT)
Name of publisher Rubber
Year of publication 2020
300 ## - PHYSICAL DESCRIPTION
Number of Pages 9-Jul
650 ## - SUBJECT ADDED ENTRY--TOPICAL TERM
Topical Term Rubber price
700 ## - ADDED ENTRY--PERSONAL NAME
Personal name Chandy B
942 ## - ADDED ENTRY ELEMENTS (KOHA)
Koha item type Bibliography STAF
Holdings
Withdrawn status Lost status Damaged status Not for loan Home library Current library Shelving location Date acquired Serial Enumeration / chronology Koha item type
      Bibliography RRII Library RRII Library Economics 09/04/2014 Volume 651, Issue Aug Bibliography STAF